Emerging market economies and financial globalization : Argentina, Brazil, China, India and South Korea /

In the past, foreign shocks arrived to national economies mainly through trade channels, and transmissions of such shocks took time to come into effect. However, after capital globalization, shocks spread to markets almost immediately. Despite the increasing macroeconomic dangers that the situation...

Full description

Bibliographic Details
Main Author: Stanley, Leonardo E.
Corporate Author: JSTOR (Organization)
Format: eBook
Language:English
Language Notes:English.
Published: London : ANTHEM Press, 2017.
Series:Anthem frontiers of global political economy
Subjects:
Online Access:Connect to the full text of this electronic book

MARC

Tag First Indicator Second Indicator Subfields
LEADER 00000cam a2200000 i 4500
001 in00004635307
006 m o d
007 cr |n|||||||||
008 180306s2017 enk o 000 0 eng d
005 20260120171645.7
035 |a (OCoLC)on1027760964 
040 |a YDX  |b eng  |e pn  |c YDX  |d N$T  |d JSTOR  |d OCLCF  |d UPM  |d OCLCQ  |d ICN  |d UKKNU  |d U3W  |d OCLCQ  |d OAPEN  |d ERL  |d UAB  |d DKC  |d OCLCO  |d ESU  |d HTM  |d NLE  |d UKAHL  |d UKMGB  |d VT2  |d OCLCQ 
015 |a GBB7B6176  |2 bnb 
016 7 |a 018410654  |2 Uk 
019 |a 1027817191  |a 1028029449  |a 1028606575  |a 1028660748  |a 1028795257  |a 1028803337  |a 1051780170  |a 1076647895  |a 1262688627 
020 |a 9781783086757  |q (electronic bk.) 
020 |a 1783086750  |q (electronic bk.) 
020 |a 9781783086740  |q (electronic bk.) 
020 |a 1783086742  |q (electronic bk.) 
020 |a 9781783086764  |q (ePub ebook) 
020 |a 1783086769 
035 |a (OCoLC)1027760964  |z (OCoLC)1027817191  |z (OCoLC)1028029449  |z (OCoLC)1028606575  |z (OCoLC)1028660748  |z (OCoLC)1028795257  |z (OCoLC)1028803337  |z (OCoLC)1051780170  |z (OCoLC)1076647895  |z (OCoLC)1262688627 
037 |a 22573/ctt2153dq2  |b JSTOR 
037 |a 100710  |b Knowledge Unlatched 
043 |a d------ 
050 4 |a HG195  |b .S83 2018 
072 7 |a BUS  |x 069000  |2 bisacsh 
072 7 |a BUS  |x 055000  |2 bisacsh 
072 7 |a POL023000  |2 bisacsh 
072 7 |a BUS069010  |2 bisacsh 
072 7 |a BUS069020  |2 bisacsh 
072 7 |a KCLF  |2 bicssc 
082 0 4 |a 330.9172/4  |2 23 
084 |a POL023000  |a BUS069010  |a BUS069020  |2 bisacsh 
049 |a TXAM 
100 1 |a Stanley, Leonardo E. 
245 1 0 |a Emerging market economies and financial globalization :  |b Argentina, Brazil, China, India and South Korea /  |c Leonardo E. Stanley, Kevin Gallagher, Jayati Ghosh 
260 |a London :  |b ANTHEM Press,  |c 2017. 
300 |a 1 online resource (xiv, 244 pages) 
336 |a text  |b txt  |2 rdacontent 
337 |a computer  |b c  |2 rdamedia 
338 |a online resource  |b cr  |2 rdacarrier 
490 0 |a Anthem frontiers of global political economy 
542 1 |f This work is licensed under a Creative Commons license  |u https://creativecommons.org/licenses/by/4.0/legalcode 
520 |a In the past, foreign shocks arrived to national economies mainly through trade channels, and transmissions of such shocks took time to come into effect. However, after capital globalization, shocks spread to markets almost immediately. Despite the increasing macroeconomic dangers that the situation generated at emerging markets in the South, nobody at the North was ready to acknowledge the pro-cyclicality of the financial system and the inner weakness of "decontrolled" financial innovations because they were enjoying from the "great moderation." Monetary policy was primarily centered on price stability objectives, without considering the mounting credit and asset price booms being generated by market liquidity and the problems generated by this glut. Mainstream economists, in turn, were not majorly attracted in integrating financial factors in their models. External pressures on emerging market economies (EMEs) were not eliminated after 2008, but even increased as international capital 
546 |a English. 
542 1 |f This work is licensed by Knowledge Unlatched under a Creative Commons license  |u https://creativecommons.org/licenses/by/4.0/legalcode 
505 0 |a Preface; Acknowledgements; Chapter 1: Introduction; Chapter 2: International capital flows and macroeconomic dilemmas; Chapter 3: Unfettered finance and the persistence of instability; Chapter 4: Financial Globalization, Institutions and Growth; Chapter 5: Argentina; Chapter 6: Brazil; Chapter 7: China; Chapter 8: India; Chapter 9: Korea; Chapter 10: Final Remarks on Financial Globalization and Local Insertion; References; Index. 
650 0 |a Finance  |z Developing countries  |v Case studies. 
650 0 |a Capital movements  |z Developing countries  |v Case studies. 
650 0 |a Investments, Foreign  |z Developing countries  |v Case studies. 
650 7 |a International finance.  |2 bicssc 
650 7 |a BUSINESS & ECONOMICS  |x Economics  |x General.  |2 bisacsh 
650 7 |a BUSINESS & ECONOMICS  |x Reference.  |2 bisacsh 
650 7 |a POLITICAL SCIENCE  |x Political Economy.  |2 bisacsh 
650 7 |a Capital movements.  |2 fast  |0 (OCoLC)fst00846374 
650 7 |a Finance.  |2 fast  |0 (OCoLC)fst00924349 
650 7 |a Investments, Foreign.  |2 fast  |0 (OCoLC)fst00978370 
651 7 |a Developing countries.  |2 fast  |0 (OCoLC)fst01242969 
653 |a Economics 
655 7 |a Electronic books.  |2 local 
655 7 |a Case studies.  |2 fast  |0 (OCoLC)fst01423765 
710 2 |a JSTOR (Organization) 
776 0 8 |i Print version:  |z 1783086742  |z 9781783086740  |w (OCoLC)965492856 
856 4 0 |u https://www.jstor.org/stable/10.2307/j.ctt216683k  |z Connect to the full text of this electronic book  |t 0 
955 |a JSTOR Open Access ebooks 
994 |a 92  |b TXA 
999 f f |s f89cd7a4-c735-4ad9-be36-6b2f3b284e35  |i 4cb3a82c-ed71-4ad2-b7aa-cd79bb2d9dfa  |t 0 
952 f f |a Texas A&M University  |b College Station  |c Electronic Resources  |s www_evans  |d Available Online  |t 0  |e HG195 .S83 2018  |h Library of Congress classification 
998 f f |a HG195 .S83 2018  |t 0  |l Available Online